Normal view
MARC view
- القضية الفلسطينية- مصطفى النحاس- عبدالناصر- مصر- تاريخ
Entry Topical Term
001 - CONTROL NUMBER
- control field: 39914
003 - CONTROL NUMBER IDENTIFIER
- control field: JO-AjAnu
005 - DATE AND TIME OF LATEST TRANSACTION
- control field: 20230606080632.0
008 - FIXED-LENGTH DATA ELEMENTS
- fixed length control field: 230606|| aca||aabn | a|a d
040 ## - CATALOGING SOURCE
- Original cataloging agency: JO-AjAnu
- Transcribing agency: JO-AjAnu
150 ## - HEADING--TOPICAL TERM
- Topical term or geographic name entry element: القضية الفلسطينية- مصطفى النحاس- عبدالناصر- مصر- تاريخ
670 ## - SOURCE DATA FOUND
- Source citation: Work cat.: (JO-AjAnu)20464: تاليف، عبد العظيم, author 39913, القضية الفلسطينية بين مصطفى النحاس وعبد الناصر